000 00898nam a22002417a 4500
005 20240530110406.0
008 150202s2011 ua g b 000 0 ara d
017 _a2010/14454
_bمصر . دار الكتب المصرية
020 _a9789773683535
040 _aEG-CaGPL
041 0 _aara
082 0 4 _221
_a306.488\
_bن ق
100 0 _aنصار رمضان عمر
245 1 2 _aالقراءة للجميع :
_bتجربة مصرية فى التنمية الثقافية /
_cاعداد نصار رمضان عمر
260 _aالاسكندرية :
_bمؤسسة حورس الدولية ،
_c2011
300 _a350 ص ؛
_c24 سم
504 _aببليوجرافية : ص 339 - 349
650 0 4 _aالقراءة
650 0 4 _aالقراءة للجميع
650 0 4 _aالقراءة
_xالجوانب النفسية
942 _2ddc
_cBK
999 _c60356
_d60356